000 00808cam a22002531 4500
001 he 66000253
003 DLC
005 20260227111435.0
008 910611s1963 nyu b 000 0 yido
010 _ahe 66000253
035 _a(OCoLC)27795952
040 _aDLC
_cNAlU
_dOCoLC
_dDLC
042 _apremarc
050 0 0 _aPN6231.H4
_bB45
100 1 _aBialostotzky, Benjamin Jacob,
_d1892-1962.
245 1 0 _aYidisher humor un yidishe leytzim
_c[fun] B. Y. Byalosṭotsḳi.
260 _aNyu-Yorḳ,
_bTsiḳa,
_c734, 1963.
300 _a282 p.
_c24 cm.
500 _aRomanized.
500 _aAdded t.p.: Jewish humor and Jewish jesters.
504 _aBibliographical references included in "Heʻaros̀" (p. 279-282)
650 0 _aJewish wit and humor.
740 0 _aJewish humor and Jewish jesters.
999 _c31504
_d31504